00468nam a2200145Ia 4500008004100000020001400041245007100055260004800126516002000174650002500194830002600219856005100245942000700296999001900303150121s9999 xx 000 0 und d a0031-7705 aPhilippine Journal of Veterinary Medicine /h[electronic resource] bUPLB-College of Veterinary Medicine,c2014. aElectronic text aVeterinary Medicine. aPhilippine E-Journals uhttp://www.ejournals.ph/index.php?journal=PJVM cEJ c277077d277077